000 00363nam a2200145Ia 4500
008 231217s9999 xx 000 0 und d
041 _aEnglish
082 _a001.6424PAS VEN;2
100 _aVenugopal, K RVimala, H S
245 0 _aProgramming with Pascal and C
260 _c1994
_bNew Delhi : TMH,
300 _axix+1015
650 _aPascalC
942 _cAA
999 _c166296
_d166296